Pronóstico de pleamares y bajamares en la Costa Caribe colombiana año 2013 / (Registro nro. 18502)

Detalles MARC
000 -CABECERA
Campo de control 00912nam a22001937a 4500
005 - FECHA Y HORA DE LA ULTIMA TRANSACCION
Campo de control 20160506112100.0
008 - ELEMENTOS DE LONGITUD FIJA—INFORMACION GENERAL
Campo de control 040330s2012 ck abd r 00010 spa d
040 ## - FUENTE DE CATALOGACIÓN
Agencia catalogadora original CO-BoIAVH
Agencia transcriptora CO-BoIAVH
041 0# - IDIOMA
Código de idioma para texto/pista de sonido o título separado Español
044 ## - PAÍS DE PUBLICACIÓN
País de publicación Colombia
082 04 - NUMERO DE CLASIFICACION DECIMAL DEWEY
Número de clasificación 525.69
Número del ítem I193p1
110 2# - ASIENTO PRINCIPAL--NOMBRE CORPORATIVO
Nombre corporativo o de jurisdicción como elemento de entrada Instituto de Hidrología, Meteorología y Estudios Ambientales.
Unidad subordinad servicio mareográfico
9 (RLIN) 67730
245 10 - MENCION DE TITULO
Título Pronóstico de pleamares y bajamares en la Costa Caribe colombiana año 2013 /
Mención de responsabilidad Instituto de Hidrología, Meteorología y Estudios Ambientales. Servicio Mareográfico; equipo de investigación Jorge E. Soler V. y Julio César Franco B.
260 ## - PUBLICACION, DISTRIBUCION, ETC. (PIE DE IMPRENTA)
Lugar de publicación, distribución, etc. Bogotá :
Nombre del editor, distribuidor, etc. IDEAM,
Fecha de publicación, distribución, etc. 2012.
300 ## - DESCRIPCION FISICA
Extensión 169 páginas :
Otros detalles físicos ilustraciones, mapas, cuadros ;
Dimensiones 24 x 16 centímetros
650 16 - ASIENTO SECUNDARIO DE MATERIA - TERMINO TEMATICO
Término temático o nombre geográfico como elemento de entrada Mareas
Subdivisión cronológica 2013
Subdivisión de forma Tablas
Subdivisión geográfica Costa Caribe (Colombia)
9 (RLIN) 67731
650 26 - ASIENTO SECUNDARIO DE MATERIA - TERMINO TEMATICO
Término temático o nombre geográfico como elemento de entrada Pronóstico del tiempo
Subdivisión geográfica Costa Caribe (Colombia)
Subdivisión cronológica 2013
9 (RLIN) 67732
942 ## - ELEMENTOS ADICIONALES (KOHA)
Sistema de clasificación Dewey Decimal Classification
Tipo de ítem Libro
Existencias
Withdrawn status Lost status Sistema de Clasificación Damaged status No para préstamo Colección Inventariado Ubicación Permanente Ubicación actual Fecha de adquisición Fuente de Valor Valor Total Checkouts Número topográfico Inventario / Código de Barras Date last seen Ejemplar Price effective from Forma de adquisición Tipo de material
    Dewey Decimal Classification     General Inventariado 2017 Bogotá Bogotá 06/05/2016 Instituto 39000.00   LB-525.69 I193p1 040175 06/05/2016 Ej. 1 06/05/2016 Donación Libro
    Dewey Decimal Classification     General Inventariado 2017 Sala Fabio Quevedo Sala Fabio Quevedo 17/06/2016 Instituto 39000.00   LB-525.69 I193p1 040452 17/06/2016 Ej. 2 17/06/2016 Donación Libro